00971cam a22002774a 450000100090000000300060000900500170001500800410003201000170007302000150009002000180010503500200012304000390014304200080018205000250019008200210021510000190023624500920025526000370034730000230038452001460040763000410055363000230059465000410061765000350065849519050OCoLC20241126110724.0020326s2002 nyu 000 0 eng  a 2002025890 a0446530247 a9780446530248 a(OCoLC)49519050 aDLCcDLCdBAKERdBTCTAdYDXCPdZE3 apcc00aBS649.E63bL345 200200a231.745221bLAH1 aLaHaye, Tim F.14aThe merciful God of prophecy :bhis loving plan for you in the end times /cTim LaHaye. aNew York :bWarner Books,c2002. axiv, 301 p. 24 cm. aGod of judgment ? or God of mercy?. The author surveys hundreds of biblical portents and reveals the patterns in which they came to fruition.00aBiblexPropheciesxEnd of the world.00aBiblexProphecies. 0aEnd of the worldxBiblical teaching. 0aGodxMercyxBiblical teaching.